000 00320nam a2200121Ia 4500
005 20251222152004.0
008 251222s9999||||xx |||||||||||||| ||spa||
020 _a978-9972-236-49-5
082 _a869.56/B41
100 _a"Belli, Carlos Germán"
245 0 _a"Poemas escogidos, selected poems: 1958-2006"
942 _cLIB
999 _c24665
_d24665